Phương pháp tính

Tallennettuna:
Bibliografiset tiedot
Päätekijä: Nguyễn Chí Long
Aineistotyyppi: Kirja
Kieli:Undetermined
Julkaistu: Đại học Quốc gia Thành phố Hồ Chí Minh 2002
Tagit: Lisää tagi
Ei tageja, Lisää ensimmäinen tagi!
Thư viện lưu trữ: Trung tâm Học liệu Trường Đại học Cần Thơ
LEADER 00439nam a2200145Ia 4500
001 CTU_48481
008 210402s9999 xx 000 0 und d
082 |a 515 
082 |b L431 
100 |a Nguyễn Chí Long 
245 0 |a Phương pháp tính 
245 0 |c Nguyễn Chí Long 
260 |b Đại học Quốc gia Thành phố Hồ Chí Minh 
260 |c 2002 
980 |a Trung tâm Học liệu Trường Đại học Cần Thơ